[Event "KNOCK-OUT CHESS TOURNEY"]
[Site "SchemingMind.com"]
[Date "2019.07.31"]
[Round "-"]
[White "ray winteringham"]
[Black "Steven DuCharme"]
[Result "0-1"]
[WhiteCountry "ENG"]
[BlackCountry "USA"]
[WhiteElo "1543"]
[WhiteRD "51"]
[BlackElo "1483"]
[BlackRD "59"]
[GameID "444253"]

1. e4 c6 2. Nf3 e6 3. d4 d5 4. e5 h6 5. c4 Bb4+ 6. Bd2 Qe7 7. a3 Bxd2+ 8. Nbxd2 Nd7 9. c5 b6 10. b4 a5
11. g3 bxc5 12. bxc5 Nxc5 13. dxc5 Qxc5 14. Bg2 Ba6 15. Rc1 Qb6 16. Rb1 Qa7 17. Nb3 Ne7 18. Nxa5 O-O 19. Nd2 Qc7 20. f4 Qxa5
0-1

[Event "KNOCK-OUT CHESS TOURNEY"]
[Site "SchemingMind.com"]
[Date "2019.07.31"]
[Round "-"]
[White "Steven DuCharme"]
[Black "ray winteringham"]
[Result "0-1"]
[WhiteCountry "USA"]
[BlackCountry "ENG"]
[WhiteElo "1538"]
[WhiteRD "53"]
[BlackElo "1488"]
[BlackRD "49"]
[GameID "444254"]

1. g3 d5 2. Bg2 Nf6 3. d3 Bf5 4. Nf3 e6 5. O-O Bd6 6. b3 O-O 7. Bb2 Nbd7 8. Nbd2 c5 9. Re1 d4 10. Nc4 Qc7
11. Nxd6 Qxd6 12. e4 Bg4 13. h3 Bh5 14. a4 b6 15. c4 e5 16. Qd2 h6 17. Nh2 Qe6 18. f4 exf4 19. Qxf4 Bg6 20. Ng4 Nh5
21. Qf3 Ne5 22. Nxe5 Qxe5 23. Kh2 Nf6 24. Qf4 Nd7 25. Rad1 Rad8 26. Qxe5 Nxe5 27. Bc1 f6 28. Bf4 Nd7 29. e5 fxe5 30. Bd5+ Kh8
31. Bxe5 Nxe5 32. Rxe5 Rf2+ 33. Kg1 Rdf8 34. Re6 Kh7 35. Re7 Rb2 36. Rxa7 Rxb3 37. Be4 Bxe4 38. dxe4 Rff3 39. a5 Rxg3+ 40. Kh2 Rxh3+
41. Kg2 bxa5 42. Rxa5 Rhe3 43. Rxc5 Rxe4 44. Rd2 Rc3 45. Rc8 d3 46. Kf3 Re5 47. Kf4 Re2 48. Rd1 d2
0-1

[Event "KNOCK-OUT CHESS TOURNEY"]
[Site "SchemingMind.com"]
[Date "2019.08.07"]
[Round "-"]
[White "dadshane2000"]
[Black "Kenny Elliott"]
[Result "0-1"]
[WhiteCountry "USA"]
[BlackCountry "USA"]
[WhiteElo "1748"]
[WhiteRD "98"]
[BlackElo "1653"]
[BlackRD "67"]
[GameID "444485"]

1. e4 c5 2. Nf3 d6 3. d4 cxd4 4. Nxd4 e5 5. Bb5+ Bd7 6. Bxd7+ Nxd7 7. Nf3 Ngf6 8. Nc3 Be7 9. O-O O-O 10. Nd5 Nxd5
11. Qxd5 Qc7 12. c3 Nf6 13. Qd3 Rad8 14. Bg5 h6 15. Bh4 g5 16. Bg3 Nh5 17. h3 Nxg3 18. fxg3 Qb6+ 19. Rf2 d5 20. b4 a5
21. bxa5 Qxa5 22. exd5 Bc5 23. c4 Bxf2+ 24. Kxf2 Qb6+ 25. Kf1 Qf6 26. Kg1 e4 27. Qd4 Qxd4+ 28. Nxd4 f5 29. Ne6 f4 30. Nxd8 Rxd8
31. gxf4 gxf4 32. Kf2 Rf8 33. Rb1 Rf7 34. c5 Rf5 35. Rd1 Kf8 36. d6 Ke8 37. Rc1 Rd5 38. Rc2 Kd7 39. a4 Rd4 40. Ra2 Rc4
41. g3 fxg3+ 42. Kxg3 Rc3+ 43. Kf4 Rxh3 44. Kxe4 Rb3 45. a5 Kc6 46. a6 bxa6 47. Rxa6+ Kxc5
0-1

[Event "KNOCK-OUT CHESS TOURNEY"]
[Site "SchemingMind.com"]
[Date "2019.08.07"]
[Round "-"]
[White "Kenny Elliott"]
[Black "dadshane2000"]
[Result "1-0"]
[WhiteCountry "USA"]
[BlackCountry "USA"]
[WhiteElo "1653"]
[WhiteRD "67"]
[BlackElo "1748"]
[BlackRD "98"]
[GameID "444486"]

1. d4 Nf6 2. c4 g6 3. Nc3 Bg7 4. e4 d6 5. Nf3 O-O 6. Be2 e5 7. Bg5 Nbd7 8. O-O Re8 9. Qb3 b6 10. dxe5 Nxe5
11. Nd5 c6 12. Nxf6+ Bxf6 13. Nxe5 dxe5 14. Rad1 Qe7 15. Bh6 Bg5 16. Bxg5 Qxg5 17. Rd3 Be6 18. a4 b5 19. Rg3 Qd2 20. Bd3 bxc4
21. Bxc4 Bxc4 22. Qxc4 Qxb2 23. Qxc6 Rac8 24. Qa6 Rc1 25. Re3 Rxf1+ 26. Kxf1 Qa1+ 27. Re1 Qd4= 28. a5 Rb8 29. h3 Qc5 30. g3 Rb2
31. Re2 Rb1+ 32. Kg2 Ra1 33. Qd3 Ra3 34. Rc2 Qxa5 35. Qd6 Rc3 36. Rb2 Qc7 37. Qf6 Rc4 38. Rd2 Rd4 39. Rxd4 exd4 40. Qxd4 a5
41. h4 h5= 42. e5 Qc6+ 43. Kh3 Qe6+ 44. Kg2 Qc6+ 45. Kh3
1-0

[Event "KNOCK-OUT CHESS TOURNEY"]
[Site "SchemingMind.com"]
[Date "2019.08.09"]
[Round "-"]
[White "John Hamer"]
[Black "Clive Everill"]
[Result "1-0"]
[WhiteCountry "ENG"]
[BlackCountry "CZE"]
[WhiteElo "1938"]
[WhiteRD "67"]
[BlackElo "1771"]
[BlackRD "61"]
[GameID "444541"]

1. d4 d5 2. Nf3 Bf5 3. c4 e6 4. Nc3 c6 5. Bf4 Qb6 6. Qc1 Nf6 7. e3 Nbd7 8. c5 Qd8 9. b4 Ne4 10. Nxe4 Bxe4
11. Be2 h6 12. O-O Be7 13. Qb2 Nf6 14. Rac1 O-O 15. Ne5 Nd7 16. f3 Bh7 17. Ng4 Bg5 18. Bd6 Be7 19. Bg3 Nf6 20. Ne5 Nh5
21. Bf2 Nf6 22. f4 Nd7 23. Nf3 Be4 24. Nd2 Bh7 25. b5 Rb8 26. Rfd1 Nf6 27. Qa3 Ra8 28. bxc6 bxc6 29. Ba6 Ne4 30. Bb7 Rb8
31. Bxc6 Rb6 32. Ba4 Ra6 33. Nxe4 Bxe4 34. Qb3 Qa5 35. Bd7 Qxa2 36. Qc3 Qa5 37. Qb2 Qc7 38. Qe2 Ra5 39. Be1 Ra3 40. Bb5 Rb8
41. Ra1 Rxa1 42. Rxa1 g6 43. f5 Qb7 44. c6 Qc7 45. Bg3 Bd6 46. Bxd6 Qxd6 47. fxg6 Bxg6 48. Rxa7 Qb4 49. c7 Qb1+ 50. Qf1 Qxf1+
51. Bxf1 Rc8 52. Ba6
1-0

[Event "KNOCK-OUT CHESS TOURNEY"]
[Site "SchemingMind.com"]
[Date "2019.08.09"]
[Round "-"]
[White "Clive Everill"]
[Black "John Hamer"]
[Result "1/2-1/2"]
[WhiteCountry "CZE"]
[BlackCountry "ENG"]
[WhiteElo "1771"]
[WhiteRD "61"]
[BlackElo "1938"]
[BlackRD "67"]
[GameID "444542"]

1. Nf3 c6 2. g3 d5 3. Bg2 Nf6 4. O-O Bf5 5. c4 e6 6. cxd5 exd5 7. d3 Be7 8. Nc3 O-O 9. Nd4 Bg6 10. e4 Na6
11. a3 Rc8 12. b4 Re8 13. e5 c5 14. exf6 Bxf6 15. Nde2 Bh5 16. f3 Bg6 17. d4 cxb4 18. axb4 Nxb4 19. Rxa7 b5 20. Ra1 Nd3
21. Bd2 Qe7 22. Nxd5 Qxe2 23. Nxf6+ gxf6 24. Bh6 Rc2 25. Qxe2 Rcxe2 26. h4 Ne1 27. Bh1 Bd3 28. Rf2 R2e7 29. Rd1 Bc4 30. Rdd2 Kh8
31. Kh2 Bd5 32. Bf4 Rd7 33. Bh6 Rc7 34. Rde2 Rce7 35. Rd2 Kg8 36. Kg1 Bc4 37. Bf4 Rd8 38. Bh6 Nd3 39. Rfe2 Red7 40. Be3 Nc1
41. Rf2 Re7 42. Bh6 Re1+ 43. Kh2 Nb3 44. Ra2 Nxd4 45. Ra6 Nf5 46. Rxf6 Ne3 47. Bxe3 Rxe3 48. Kh3 Be6+ 49. g4 Rd4 50. Kg2 b4
51. Rb2 b3 52. Kf2 Rc3=
1/2-1/2

[Event "KNOCK-OUT CHESS TOURNEY"]
[Site "SchemingMind.com"]
[Date "2019.09.04"]
[Round "-"]
[White "malcolm chugg"]
[Black "Andrea Carra"]
[Result "0-1"]
[WhiteCountry "WLS"]
[BlackCountry "ITA"]
[WhiteElo "1220"]
[WhiteRD "55"]
[BlackElo "1946"]
[BlackRD "106"]
[GameID "445438"]

1. e4 e5 2. Bb5 Nc6 3. Bxc6 dxc6 4. Nf3 Nf6 5. d3 Bc5 6. Nxe5 Qd4 7. Qe2 Qxe5 8. f4 Qh5 9. Qxh5 Nxh5 10. f5 O-O
11. Nc3 Re8 12. Bd2 Bxf5 13. O-O-O Bd7 14. Rdf1 Rf8 15. a3 f5 16. Na4 Bd6 17. Re1 Rae8 18. exf5 Bxf5 19. Bb4 Bg6 20. Bxd6 cxd6
21. Rxe8 Rxe8 22. g3 Nf6 23. c4 Bxd3 24. c5 d5 25. Kd2 Ne4+ 26. Kc1 Rf8 27. b3 Rf1+ 28. Rxf1 Bxf1 29. b4 d4 30. Nb2 Kf7
31. Kd1 Ke6 32. Ke1 Bh3 33. Ke2 Bg4+ 34. Kd3 Kd5 35. a4 Bf5 36. Ke2 Nf6 37. Nd3 Bxd3+ 38. Kxd3 Ng4 39. h4 Nh6 40. h5 Ng4
41. a5 a6 42. Kd2 h6 43. Kd3 Nf6 44. Ke2 Nxh5 45. g4 Nf6 46. g5 hxg5
0-1

[Event "KNOCK-OUT CHESS TOURNEY"]
[Site "SchemingMind.com"]
[Date "2019.09.03"]
[Round "-"]
[White "Andrea Carra"]
[Black "malcolm chugg"]
[Result "1-0"]
[WhiteCountry "ITA"]
[BlackCountry "WLS"]
[WhiteElo "1946"]
[WhiteRD "106"]
[BlackElo "1220"]
[BlackRD "55"]
[GameID "445439"]

1. e4 d5 2. exd5 Nf6 3. Nc3 Nxd5 4. Nxd5 e6 5. Nc3 Bb4 6. Nf3 Bxc3 7. bxc3 Nc6 8. Ba3 Na5 9. d4 Qd5 10. Qd3 Bd7
11. Ne5 f6 12. Nxd7 Qxd7 13. Qb5 Qxb5 14. Bxb5+ Nc6 15. O-O O-O-O 16. Bxc6 bxc6 17. Rab1 Kd7 18. Rb3 Ra8 19. Rfb1 Rhc8 20. Rb7 a5
21. Bc5 e5 22. dxe5 fxe5 23. f3 g6 24. Bf2 g5 25. Bg3 Kd6 26. Re1 Re8 27. Rd1+ Kc5 28. Bf2+ Kc4 29. Rxc7 Kxc3 30. Rxc6+ Kb2
31. Be3 Rec8 32. Rxc8 Rxc8 33. Bxg5 Kxa2 34. Rd5 Rxc2 35. Rxa5+ Kb1 36. Rxe5 Rc7 37. Re7 Rc5 38. h4 Rc4 39. Rxh7 Rb4 40. Kh2 Kc2
41. f4 Rb5 42. Kh3 Kd3 43. Re7 Rc5 44. g3 Rd5 45. Kg4 Rd4 46. h5 Ra4 47. h6
1-0

[Event "KNOCK-OUT CHESS TOURNEY"]
[Site "SchemingMind.com"]
[Date "2019.09.04"]
[Round "-"]
[White "Jari Laine"]
[Black "Aba"]
[Result "1-0"]
[WhiteCountry "FIN"]
[BlackCountry "ISR"]
[WhiteElo "2465"]
[WhiteRD "84"]
[BlackElo "1722"]
[BlackRD "83"]
[GameID "445504"]

1. e4 e5 2. Nf3 Nc6 3. c3 Nf6 4. d4 Nxe4 5. d5 Ne7 6. Nxe5 d6 7. Bb5+ c6 8. dxc6 bxc6 9. Nxc6 Qb6 10. Nd4+ Bd7
11. Bxd7+ Kxd7 12. O-O Nc6 13. Qg4+
1-0

[Event "KNOCK-OUT CHESS TOURNEY"]
[Site "SchemingMind.com"]
[Date "2019.09.04"]
[Round "-"]
[White "Aba"]
[Black "Jari Laine"]
[Result "0-1"]
[WhiteCountry "ISR"]
[BlackCountry "FIN"]
[WhiteElo "1722"]
[WhiteRD "83"]
[BlackElo "2465"]
[BlackRD "84"]
[GameID "445505"]

1. e4 c5 2. Nf3 Nc6 3. d4 cxd4 4. Nxd4 Nf6 5. Nc3 e5 6. Nb3 Bb4 7. Bd2 d5 8. exd5 Nxd5 9. Nxd5 Qxd5 10. Bxb4 Qe4+
11. Be2 Qxb4+ 12. c3 Qe7 13. O-O O-O 14. Re1 Rd8 15. Qc2 Be6 16. Nc5 Qxc5
0-1

[Event "KNOCK-OUT CHESS TOURNEY"]
[Site "SchemingMind.com"]
[Date "2019.09.10"]
[Round "-"]
[White "The Stonewall"]
[Black "William Lindberg"]
[Result "1/2-1/2"]
[WhiteCountry "ENG"]
[BlackCountry "USA"]
[WhiteElo "2386"]
[WhiteRD "79"]
[BlackElo "2464"]
[BlackRD "63"]
[GameID "445558"]

1. e4 e5 2. Nf3 Nc6 3. d4 exd4 4. Nxd4 Nf6 5. Nxc6 bxc6 6. e5 Qe7 7. Qe2 Nd5 8. c4 Ba6 9. b3 g6 10. g3 Bg7
11. Bb2 O-O 12. Bg2 Rae8 13. O-O Bxe5 14. Qxe5 Qxe5 15. Bxe5 Rxe5 16. cxd5 Bxf1 17. Kxf1 cxd5 18. f4 Re3 19. Bxd5 Rd3 20. Bf3 Re8
21. Kf2 Kg7 22. Be2 Rde3 23. Bd1 Re1 24. Nd2 R8e2+ 25. Bxe2 Rxa1 26. a4 d5 27. Bf3 c6 28. Ke3 Kf6 29. Be2 Ke7 30. Bd3 Re1+
31. Be2 f5 32. Kd3 Ra1 33. Nf3 c5 34. Kc3 Ra2 35. Nd2 h6 36. Bb5 g5 37. Kd3 Ra1 38. Nf3 Rh1 39. fxg5 hxg5 40. Nxg5 Rxh2
41. Nf3 Rg2 42. Ke3 Kd6 43. Bd3 Rxg3 44. Bxf5 c4 45. Bc2 Kc5 46. bxc4 dxc4 47. Bd1 Kb4 48. Kd2 Rg2+ 49. Kc1 Kc3 50. Ne1 Ra2
51. Kb1 Rd2 52. Kc1 a6 53. Nf3 Ra2 54. Kb1 Rg2 55. Kc1 Ra2 56. Kb1 Rg2 57. Kc1 a5 58. Kb1 Rf2 59. Kc1 Kb4 60. Kb1 Rf1
61. Kc1 Kc3 62. Nd2 Re1 63. Nb1+ Kd4 64. Kd2 Rh1 65. Nc3 Rh3 66. Ne2+ Kc5 67. Kc1 Rf3 68. Bc2 Rf2 69. Nc3 Rf1+ 70. Kb2 Kd4
71. Ne2+ Kc5 72. Nc3 Rf3 73. Be4 Rf6 74. Bc2 Rh6 75. Be4 Rh2+ 76. Bc2 Rh3 77. Bd1 Kd4 78. Ne2+ Ke3 79. Kc2 Rh8 80. Nc3 Rh2+
81. Ne2 Rf2 82. Kc3 Rf1 83. Kc2 Rf6 84. Nc3 Rd6 85. Kc1 Rh6 86. Kc2 Rh2+ 87. Ne2 Rh3 88. Kc1 Rh6 89. Nc3 Kd3 90. Kb2 Rh2+
91. Be2+ Kd4 92. Kc2 Kc5 93. Kd2 Kb4 94. Nd5+ Kxa4 95. Nb6+ Kb4 96. Nxc4 a4 97. Ne3 a3 98. Nc2+ Kb3 99. Nxa3 Kxa3 100. Ke3 Rh4
101. Bd1 Kb4 102. Bc2 Kc5 103. Bb1 Kd5 104. Bc2 Ke5 105. Kd3 Rd4+ 106. Ke3 Rb4 107. Kd3 Rg4 108. Bb1 Rb4 109. Bc2 Kf4 110. Bd1 Kf5
111. Bc2 Kf4 112. Bd1 Re4 113. Bc2 Re7 114. Kc4 Rc7+ 115. Kd3 Rc5 116. Bb1 Ke5 117. Ba2 Rc8 118. Bb1 Rf8 119. Bc2 Rf4 120. Ke3 Rd4
121. Bb1 Rg4 122. Kd3 Rg3+ 123. Kc4 Kf4 124. Kd4 Ra3 125. Bc2 Ra7 126. Bb3 Rd7+ 127. Bd5 Rd8 128. Kc4 Ke5 129. Bg2 Rd2 130. Bb7 Rd1
131. Ba6 Rd4+ 132. Kc5 Rd7 133. Kc4 Rd1 134. Bb5 Rd8 135. Ba6 Rd2 136. Bb7 Kf4 137. Ba6 Ke3 138. Bb5 Rd1 139. Be8 Ke4 140. Bg6+ Ke3
141. Kc5 Kf4 142. Kc4 Ke5 143. Bh5 Rd6 144. Be8 Rf6 145. Bb5 Rf2 146. Ba6 Rd2 147. Bb5 Rd4+=
1/2-1/2

[Event "KNOCK-OUT CHESS TOURNEY"]
[Site "SchemingMind.com"]
[Date "2019.09.10"]
[Round "-"]
[White "William Lindberg"]
[Black "The Stonewall"]
[Result "1-0"]
[WhiteCountry "USA"]
[BlackCountry "ENG"]
[WhiteElo "2500"]
[WhiteRD "63"]
[BlackElo "2356"]
[BlackRD "77"]
[GameID "445559"]

1. e4 c5 2. Nf3 e6 3. d4 cxd4 4. Nxd4 Nc6 5. Nc3 Qc7 6. f4 Nxd4 7. Qxd4 b6 8. Qf2 Bb7 9. Bd3 Nf6 10. Bd2 Bc5
11. Qe2 O-O 12. O-O-O a6 13. e5 Nd5 14. Ne4 Rac8 15. Kb1 b5 16. Qh5 Be7 17. Nf6+ Nxf6 18. exf6
1-0

[Event "KNOCK-OUT CHESS TOURNEY"]
[Site "SchemingMind.com"]
[Date "2019.09.09"]
[Round "-"]
[White "Robert Bruce"]
[Black "Chessibelle"]
[Result "1-0"]
[WhiteCountry "SCO"]
[BlackCountry "ENG"]
[WhiteElo "2443"]
[WhiteRD "66"]
[BlackElo "1159"]
[BlackRD "58"]
[GameID "445560"]

1. c4 e5 2. g3 d6 3. Nc3 Nc6 4. Bg2 Nge7 5. e3 g6 6. Nge2 Nf5 7. O-O Be7 8. d4 Bd7 9. Nd5 O-O 10. b3 a6
11. Bb2 Bg5 12. dxe5 dxe5 13. Qd3 Nce7 14. h4 Bh6 15. Nf6+ Kh8 16. Nxd7 c6 17. Rad1 Qc7 18. Bxe5+ Qxe5 19. Nxe5 f6 20. Nd7 Rfd8
21. Qc3 Kg7 22. Qxf6+ Kg8 23. e4 Ng7 24. Qxe7 Re8 25. Nf6+ Kh8 26. Nxe8 Nxe8 27. Rd8
1-0

[Event "KNOCK-OUT CHESS TOURNEY"]
[Site "SchemingMind.com"]
[Date "2019.09.09"]
[Round "-"]
[White "Chessibelle"]
[Black "Robert Bruce"]
[Result "0-1"]
[WhiteCountry "ENG"]
[BlackCountry "SCO"]
[WhiteElo "1159"]
[WhiteRD "58"]
[BlackElo "2443"]
[BlackRD "66"]
[GameID "445561"]

1. Nf3 d5 2. d4 Nf6 3. e3 c5 4. Be2 Nc6 5. Bd2 e6 6. O-O cxd4 7. exd4 Bd6 8. Nc3 Bd7 9. Be3 a6 10. a3 h6
11. Bd3 Ng4 12. g3 Qb6 13. Na4 Qc7 14. c3 Nxe3 15. fxe3 e5 16. Nh4 Ne7 17. Qf3 O-O 18. Bc2 f5 19. Bb3 g5 20. Ng2 e4
21. Bd1 exf3 22. Rxf3 f4 23. Be2 fxg3 24. hxg3 Rxf3 25. Bxf3 Bxg3 26. b3 Rf8 27. Bh5 Bh2+ 28. Kh1 Qg3 29. Nc5 Rf2 30. Nxd7 Qxg2#
0-1

[Event "KNOCK-OUT CHESS TOURNEY"]
[Site "SchemingMind.com"]
[Date "2019.09.09"]
[Round "-"]
[White "Greg Magne"]
[Black "Janusz Szopa"]
[Result "0-1"]
[WhiteCountry "CAN"]
[BlackCountry "POL"]
[WhiteElo "1756"]
[WhiteRD "85"]
[BlackElo "2433"]
[BlackRD "91"]
[GameID "445568"]

1. e4 c5 2. Nf3 d6 3. d4 cxd4 4. Nxd4 Nf6 5. Nc3 a6 6. Bg5 e6 7. f4 Be7 8. Qf3 Qc7 9. g4 h6 10. Bxf6 Bxf6
11. O-O-O Nc6 12. Nxc6 bxc6 13. Bg2 d5 14. exd5 cxd5 15. h4 Bd7 16. g5 Bxc3 17. bxc3 Rc8 18. Kd2 d4 19. cxd4 Qxc2+ 20. Ke1 Bc6
0-1

[Event "KNOCK-OUT CHESS TOURNEY"]
[Site "SchemingMind.com"]
[Date "2019.09.09"]
[Round "-"]
[White "Janusz Szopa"]
[Black "Greg Magne"]
[Result "1-0"]
[WhiteCountry "POL"]
[BlackCountry "CAN"]
[WhiteElo "2433"]
[WhiteRD "91"]
[BlackElo "1756"]
[BlackRD "85"]
[GameID "445569"]

1. e4 e5 2. Nf3 Nc6 3. Bc4 Nf6 4. d4 exd4 5. O-O Nxe4 6. Re1 d5 7. Bxd5 Qxd5 8. Nc3 Qa5 9. Nxe4 Be6 10. Neg5 O-O-O
11. Nxe6 fxe6 12. Rxe6 Bc5 13. Qd3 Rhe8 14. Rxe8 Rxe8 15. Bd2 Bb4 16. c3 dxc3 17. bxc3 Bd6 18. Qxh7 Ne5 19. Nxe5 Qxe5 20. g3 g5
21. Re1 Qb5 22. Rxe8+ Qxe8 23. Qf5+ Kb8 24. Bxg5 a6 25. h4 Qe1+ 26. Kg2 Qxc3 27. h5 Qh8 28. h6 c5 29. h7 Bf8 30. Bf4+ Ka7
31. Be5 Bg7 32. Bxg7
1-0

[Event "KNOCK-OUT CHESS TOURNEY"]
[Site "SchemingMind.com"]
[Date "2019.09.10"]
[Round "-"]
[White "Ragged Rook"]
[Black "Helga1946"]
[Result "0-1"]
[WhiteCountry "ENG"]
[BlackCountry "GER"]
[WhiteElo "1864"]
[WhiteRD "97"]
[BlackElo "2235"]
[BlackRD "64"]
[GameID "445588"]

1. e4 e5 2. Nf3 Nc6 3. Nc3 Bc5 4. Nxe5 Bxf2+ 5. Kxf2 Nxe5 6. d4 Nc6 7. Be3 d6 8. Be2 Qf6+ 9. Bf3 Qh4+ 10. g3 Qd8
11. Re1 Nge7 12. Bg2 h5 13. h3 Ng6 14. Nd5 Be6 15. c4 Qd7 16. Bg5 h4 17. g4 f6 18. Be3 O-O-O 19. a3 Rde8 20. Nxf6 Rhf8
21. Kg1 Rxf6 22. d5 Nce5 23. dxe6 Qxe6 24. b3 Ref8 25. Ra2 Nf3+ 26. Kh1 Qe5 27. Bxf3 Rxf3
0-1

[Event "KNOCK-OUT CHESS TOURNEY"]
[Site "SchemingMind.com"]
[Date "2019.09.10"]
[Round "-"]
[White "Helga1946"]
[Black "Ragged Rook"]
[Result "1-0"]
[WhiteCountry "GER"]
[BlackCountry "ENG"]
[WhiteElo "2235"]
[WhiteRD "64"]
[BlackElo "1864"]
[BlackRD "97"]
[GameID "445589"]

1. d4 d5 2. c3 Nf6 3. Bg5 Ne4 4. Bf4 e6 5. Nd2 Bd6 6. Bxd6 Qxd6 7. Nxe4 dxe4 8. Qc2 f5 9. e3 e5 10. Qb3 exd4
11. cxd4 Nc6 12. Rc1 a6 13. Be2 Rb8 14. Bc4 Qb4+ 15. Qxb4 Nxb4 16. a3 b5 17. Bf7+ Kxf7 18. Rxc7+ Kf6 19. axb4 Be6 20. Ne2 Rhc8
21. Rc5 g5 22. Kd2 Rxc5 23. dxc5 Bc4 24. Nd4 Rd8 25. h4 h6 26. hxg5+ Kxg5 27. Ra1 Ra8 28. c6 Kf6 29. c7 h5 30. Rxa6+
1-0

[Event "KNOCK-OUT CHESS TOURNEY"]
[Site "SchemingMind.com"]
[Date "2019.09.11"]
[Round "-"]
[White "Aleksandr Frenkel"]
[Black "Wojciech  Langer"]
[Result "1-0"]
[WhiteCountry "USA"]
[BlackCountry "INT"]
[WhiteElo "2216"]
[WhiteRD "74"]
[BlackElo "1689"]
[BlackRD "96"]
[GameID "445613"]

1. e4 Nc6 2. Nf3 f5 3. exf5 d5 4. Bb5 Bd7 5. d4 Nf6 6. O-O h6 7. c4 a6 8. Bxc6 Bxc6 9. Ne5 dxc4 10. Nc3 Qc8
11. d5 Qxf5 12. dxc6 Qxe5 13. cxb7 Rb8 14. Re1 Qd6 15. Qa4+ c6 16. Be3 Rxb7 17. Rad1 Qc7 18. Qxc4 a5 19. Qe6 Rb8 20. Ne4 Rd8
21. Rxd8+ Kxd8 22. Rd1+ Nd5 23. Bb6 Qxb6 24. Rxd5+ Kc7 25. Qd7+ Kb8 26. Qe8+ Ka7 27. Rd7+ Ka6 28. a4 Qxb2 29. Qa8+
1-0

[Event "KNOCK-OUT CHESS TOURNEY"]
[Site "SchemingMind.com"]
[Date "2019.09.11"]
[Round "-"]
[White "Wojciech  Langer"]
[Black "Aleksandr Frenkel"]
[Result "0-1"]
[WhiteCountry "INT"]
[BlackCountry "USA"]
[WhiteElo "1689"]
[WhiteRD "96"]
[BlackElo "2216"]
[BlackRD "74"]
[GameID "445614"]

1. Nf3 d5 2. g3 Nf6 3. Bg2 c6 4. O-O Bg4 5. d3 e6 6. e4 dxe4 7. dxe4 Qxd1 8. Rxd1 Nxe4 9. Nbd2 Ng5 10. h4 Nxf3+
11. Bxf3 Bxf3 12. Nxf3 Na6 13. Bf4 f6 14. Bd6 Bxd6 15. Rxd6 Ke7 16. Rd2 Rhd8 17. Rad1 e5 18. g4 Rxd2 19. Rxd2 h5 20. g5 Nc5
21. Kf1 Ne6 22. c3 Nf4 23. c4 a5 24. a4 Ne6 25. b3 Nc5 26. Rb2 Rd8 27. Ke2 Ke6 28. b4 Nd3 29. Rd2 e4 30. Ne1 Nf4+
31. Ke3 Rxd2 32. Kxd2 axb4
0-1

[Event "KNOCK-OUT CHESS TOURNEY"]
[Site "SchemingMind.com"]
[Date "2019.09.13"]
[Round "-"]
[White "cnile"]
[Black "AndySaffle"]
[Result "1-0"]
[WhiteCountry "SCO"]
[BlackCountry "USA"]
[WhiteElo "1486"]
[WhiteRD "62"]
[BlackElo "1553"]
[BlackRD "86"]
[GameID "445694"]

1. e4 c6 2. c4 d5 3. exd5 cxd5 4. cxd5 Qxd5 5. Nc3 Qa5 6. Nf3 Nf6 7. Be2 Nc6 8. O-O Bg4 9. h3 Bh5 10. d4 e6
11. Be3 Bd6 12. a3 O-O 13. Rc1 Rac8 14. Qb3 Qc7 15. Rfd1 Bg6 16. Nb5
1-0

[Event "KNOCK-OUT CHESS TOURNEY"]
[Site "SchemingMind.com"]
[Date "2019.09.13"]
[Round "-"]
[White "AndySaffle"]
[Black "cnile"]
[Result "0-1"]
[WhiteCountry "USA"]
[BlackCountry "SCO"]
[WhiteElo "1553"]
[WhiteRD "86"]
[BlackElo "1486"]
[BlackRD "62"]
[GameID "445695"]

1. d4 Nf6 2. c4 e6 3. Nf3 d5 4. Nc3 c6 5. Bg5 Qa5 6. Bxf6 gxf6 7. e3 Bb4 8. Qc2 Nd7 9. Bd3 f5 10. O-O Nf6
11. cxd5 exd5 12. a3 Bd6 13. b4 Qb6 14. Na4 Qc7 15. Nc5 Bd7
0-1

[Event "KNOCK-OUT CHESS TOURNEY"]
[Site "SchemingMind.com"]
[Date "2019.09.13"]
[Round "-"]
[White "Servelión Graterol Hernández"]
[Black "Andoni Zabala"]
[Result "1-0"]
[WhiteCountry "VEN"]
[BlackCountry "INT"]
[WhiteElo "2128"]
[WhiteRD "96"]
[BlackElo "1830"]
[BlackRD "88"]
[GameID "445785"]

1. e4 c6 2. d4 d5 3. e5 Bf5 4. Nf3 e6 5. Be2 Nd7 6. O-O Ne7 7. Nbd2 h6 8. Nb3 c5 9. Nxc5 Nxc5 10. dxc5 Nc6
11. Be3 Qc7 12. Nd4 Qxe5 13. c3 Nxd4 14. Bxd4 Qc7 15. Qa4+ Kd8 16. b4 e5 17. Be3 Qc6 18. Bb5 Qg6 19. Rad1 d4 20. Rd2 Bh3
21. f3 a6 22. cxd4 Kc8 23. dxe5 Be7 24. c6 Rd8 25. Rc2 b6 26. Bxa6+ Kc7 27. Bxb6+
1-0

[Event "KNOCK-OUT CHESS TOURNEY"]
[Site "SchemingMind.com"]
[Date "2019.09.13"]
[Round "-"]
[White "Andoni Zabala"]
[Black "Servelión Graterol Hernández"]
[Result "0-1"]
[WhiteCountry "INT"]
[BlackCountry "VEN"]
[WhiteElo "1830"]
[WhiteRD "88"]
[BlackElo "2128"]
[BlackRD "96"]
[GameID "445786"]

1. e4 c5 2. Nf3 d6 3. d4 cxd4 4. Nxd4 Nf6 5. c3 Nxe4 6. Bd3 Nc5 7. Bb5+ Bd7 8. b4 Bxb5 9. Nxb5 Ne6 10. Qf3 Nc6
11. Be3 g6 12. O-O Bg7 13. a4 a6 14. N5a3 Nxb4 15. Nc4 Nc2 16. Ra2 Nxe3 17. fxe3 Qc7 18. Ncd2 O-O 19. c4 Rac8 20. Nc3 Bxc3
0-1

[Event "KNOCK-OUT CHESS TOURNEY"]
[Site "SchemingMind.com"]
[Date "2019.09.14"]
[Round "-"]
[White "Geoffrey Rosser"]
[Black "wight knight"]
[Result "1-0"]
[WhiteCountry "ENG"]
[BlackCountry "ENG"]
[WhiteElo "1883"]
[WhiteRD "68"]
[BlackElo "1244"]
[BlackRD "62"]
[GameID "445788"]

1. e4 e5 2. Nf3 f6 3. Bc4 Bc5 4. O-O b6 5. d4 exd4 6. Nxd4 Ba6 7. Bxa6 Nxa6 8. Nf5 Bf8 9. Nc3 g6 10. Ng3 Bh6
11. f4 c6 12. Qe2 Nc5 13. e5 f5 14. Be3 Ne4 15. Ncxe4 fxe4 16. Nxe4 Qe7 17. Nd6+ Kd8 18. Qa6 b5 19. Bb6+ axb6 20. Qxb6#
1-0

[Event "KNOCK-OUT CHESS TOURNEY"]
[Site "SchemingMind.com"]
[Date "2019.09.13"]
[Round "-"]
[White "wight knight"]
[Black "Geoffrey Rosser"]
[Result "0-1"]
[WhiteCountry "ENG"]
[BlackCountry "ENG"]
[WhiteElo "1244"]
[WhiteRD "62"]
[BlackElo "1883"]
[BlackRD "68"]
[GameID "445789"]

1. e4 e5 2. Bc4 Nf6 3. f3 d5 4. exd5 Nxd5 5. Bxd5 Qxd5 6. b3 Bd6 7. Ba3 O-O 8. Bxd6 Qxd6 9. Nc3 Nc6 10. Nb5 Qe7
11. Ne2 Re8 12. O-O Qc5+ 13. d4 Qxb5 14. d5 Qc5+ 15. Kh1 Nd4 16. Nxd4 Qxd4 17. Qxd4 exd4 18. Rad1 Re2 19. Rxd4 Rxc2 20. Re1 Bd7
21. a4 Re8 22. Rxe8+ Bxe8 23. d6 Rc1+
0-1

[Event "KNOCK-OUT CHESS TOURNEY"]
[Site "SchemingMind.com"]
[Date "2019.09.12"]
[Round "-"]
[White "Teagy"]
[Black "GBEDARD"]
[Result "0-1"]
[WhiteCountry "ENG"]
[BlackCountry "USA"]
[WhiteElo "1881"]
[WhiteRD "118"]
[BlackElo "2090"]
[BlackRD "96"]
[GameID "445805"]

1. f4 d5 2. Nf3 Nc6 3. g3 h5 4. d3 h4 5. Nxh4 e5 6. Nf3 Bd6 7. Nc3 exf4 8. Bxf4 Bxf4 9. gxf4 Bg4 10. e3 d4
11. Ne4 dxe3 12. h3 Nd4
0-1

[Event "KNOCK-OUT CHESS TOURNEY"]
[Site "SchemingMind.com"]
[Date "2019.09.12"]
[Round "-"]
[White "GBEDARD"]
[Black "Teagy"]
[Result "1-0"]
[WhiteCountry "USA"]
[BlackCountry "ENG"]
[WhiteElo "2090"]
[WhiteRD "96"]
[BlackElo "1881"]
[BlackRD "118"]
[GameID "445806"]

1. e4 e6 2. d4 d5 3. Nc3 Bb4 4. e5 c5 5. a3 Bxc3+ 6. bxc3 Qc7 7. Qg4 f5 8. Qg3 cxd4 9. cxd4 Ne7 10. c3 O-O
11. Ne2 Nbc6 12. Nf4 Na5 13. Rb1
1-0